[Event "IECC M-5460"]
[Site "IECC email"]
[Date "2006.04.09"]
[Round "?"]
[White "Crandall, David"]
[Black "Evans, Charlie"]
[Result "1-0"]
[WhiteElo "1446"]
[BlackElo "1004"]
[PlyCount "41"]
[EventDate "2006.??.??"]
[EventType "tourn (corr)"]
[EventRounds "10"]
[SourceTitle "Corr 2020"]
[Source "ChessBase"]
[SourceDate "2019.09.30"]
[SourceVersion "1"]
[SourceVersionDate "2019.09.30"]
[SourceQuality "1"]
[WhiteTeam "United States"]
[BlackTeam "United States"]
[WhiteTeamCountry "USA"]
[BlackTeamCountry "USA"]

1. e4 e5 2. d4 exd4 3. Nf3 Nc6 4. Bc4 f6 5. 0-0 Bc5 6. c3 Nge7 7. cxd4 d5 8. exd5 Nxd4 9. Nxd4 Bxd4 10. Qxd4 Nf5 11. Re1+ Be6 12. Rxe6+ Kf7 13. Qd3 g6 14. d6 cxd6 15. Rxd6+ Kg7 16. Rd7+ Ne7 17. Qe3 g5 18. Rxd8 Raxd8 19. Qxe7+ Kh6 20. Qxf6+ Kh5 21. Qxg5# 1-0

[Event "IECC CL7-2005.19 email"]
[Site "IECC email"]
[Date "2005.12.20"]
[Round "?"]
[White "Evans, Charlie"]
[Black "Kulkarni, Samir"]
[Result "0-1"]
[WhiteElo "1027"]
[BlackElo "1093"]
[PlyCount "44"]
[EventDate "2005.??.??"]
[EventType "tourn (corr)"]
[EventRounds "4"]
[SourceTitle "Corr 2008"]
[Source "ChessBase"]
[SourceDate "2008.06.24"]
[SourceVersion "1"]
[SourceVersionDate "2008.06.24"]
[SourceQuality "1"]

1. e4 e5 2. c3 d5 3. d3 dxe4 4. dxe4 Qxd1+ 5. Kxd1 Nf6 6. f3 Be7 7. f4 exf4 8. Bxf4 Nxe4 9. Bxc7 Nf2+ 10. Ke1 Nxh1 11. Bb5+ Nc6 12. Na3 0-0 13. Rd1 Re8 14. Bxc6 bxc6 15. Ne2 Ba6 16. Nf4 Bd6+ 17. Kd2 Bxc7 18. Rxh1 Bxf4+ 19. Kc2 Re2+ 20. Kb3 Rb8+ 21. Ka4 Rexb2 22. Rf1 Bxf1 0-1

[Event "IECC CL7-2005.19 email"]
[Site "IECC email"]
[Date "2005.12.20"]
[Round "?"]
[White "Evans, Charlie"]
[Black "Mottershead, Richard"]
[Result "0-1"]
[WhiteElo "1043"]
[BlackElo "1047"]
[PlyCount "42"]
[EventDate "2005.??.??"]
[EventType "tourn (corr)"]
[EventRounds "4"]
[SourceTitle "Corr 2008"]
[Source "ChessBase"]
[SourceDate "2008.06.24"]
[SourceVersion "1"]
[SourceVersionDate "2008.06.24"]
[SourceQuality "1"]

1. c4 e5 2. e4 c5 3. Nf3 Nc6 4. Nc3 Nf6 5. b3 d6 6. Be2 Qa5 7. 0-0 Nd4 8. Nxd4 cxd4 9. Nd5 Nxd5 10. cxd5 Be7 11. a3 0-0 12. b4 Qc7 13. Bg4 f5 14. exf5 Bxf5 15. Bxf5 Rxf5 16. Qg4 Raf8 17. b5 d3 18. Re1 Qb6 19. Re3 Rxf2 20. Qe6+ Kh8 21. Qxe7 Rf1# 0-1

[Event "IECC CL7-2005.03 email"]
[Site "IECC email"]
[Date "2005.02.10"]
[Round "?"]
[White "Bottoni, Carlo"]
[Black "Evans, Charlie"]
[Result "1-0"]
[WhiteElo "1233"]
[BlackElo "1100"]
[PlyCount "27"]
[EventDate "2005.??.??"]
[EventType "tourn (corr)"]
[EventRounds "4"]
[SourceTitle "Corr 2020"]
[Source "ChessBase"]
[SourceDate "2019.09.30"]
[SourceVersion "1"]
[SourceVersionDate "2019.09.30"]
[SourceQuality "1"]
[WhiteTeam "Italy"]
[BlackTeam "United States"]
[WhiteTeamCountry "ITA"]
[BlackTeamCountry "USA"]

1. d4 d5 2. c4 Nf6 3. cxd5 Nxd5 4. Nf3 Nc6 5. e4 Ndb4 6. d5 Bg4 7. Be3 Ne5 8. Qa4+ Nec6 9. dxc6 Nd3+ 10. Bxd3 Qxd3 11. cxb7+ Kd8 12. bxa8Q+ Bc8 13. Ne5 Qd6 14. Nxf7# 1-0